|
|
|
|
| LEADER |
00000cam a2200000 7i4500 |
| 001 |
0000003212 |
| 005 |
20050315.0 |
| 020 |
0 |
0 |
|a 9677008498
|
| 090 |
0 |
0 |
|a 342.595068
|b MAL 2005
|
| 110 |
1 |
0 |
|a Malaysia
|
| 245 |
0 |
0 |
|a Perintah-perintah am (Sehingga Januari, 2005) bab "A"- bab "G" ; Peraturan-peraturan lembaga tatatertib perkhidmatan awam 1993 ; Arahan perbendaharaan, bab "A"-bab "C" ; Panduan perbendaharaan tatacara pengurusan stor ; Arahan Perkhidmatan, bab "1"-bab "8" ; Pekeliling Perkhidmatan ; Pekeliling Perbendaharaan ; Akta acara kewangan :
|b semua pindaan hingga Januari, 2005
|
| 260 |
0 |
0 |
|a Kuala Lumpur :
|b MDC Pub. ,
|c 2005
|
| 300 |
|
|
|a ii, 780ms. :
|b il. ;
|c 26cm.
|
| 440 |
0 |
0 |
|a Undang-undang Malaysia
|
| 500 |
0 |
0 |
|a Buku panduan untuk Peperiksaan Am Kerajaan
|
| 505 |
0 |
0 |
|a Kandungan: Perintah-perintah Am (Bab "A" - Bab "G") - Peraturan-peraturan Lembaga Tatatertib Perkhidmatan Awam 1993 - Arahan Perbendaharaan (Bab "A" - Bab "C") - Panduan Perbendaharaan Tatacara Pengurusan Stor - Arahan Perkhidmatan (Bab "1" - bab "8") - Pekeliling Perkhidmatan - Pekeliling Perbendaharaan - Akta Acara Kewangan Perlembagaan Persekutuan
|
| 650 |
0 |
0 |
|a Administrative agencies
|x Rules and practice
|z Malaysia
|
| 650 |
0 |
0 |
|a Administrative procedure
|z Malaysia
|
| 650 |
0 |
0 |
|a Civil service
|x Ethics
|z Malaysia
|
| 651 |
0 |
0 |
|a Malaysia
|x Officials and employees
|
| 999 |
|
|
|a 0000006177
|b Monograph
|c Open Shelf
|e Default branch
|
| 999 |
|
|
|a 0000006178
|b Monograph
|c Open Shelf
|e Default branch
|
| 999 |
|
|
|a 0000006179
|b Monograph
|c Open Shelf
|e Default branch
|
| 999 |
|
|
|a 0000006180
|b Monograph
|c Open Shelf
|e Default branch
|
| 999 |
|
|
|a 0000006181
|b Monograph
|c Reference
|e Default branch
|